Associes le rappeur FR et la musique (2023) - Statistiques

Statistiques générales
  • Ce quiz a été pris 1 635 fois
  • Le résultat moyen est 8 sur 20
Statistiques - réponses
Hint Réponse % Correct
Amber Zola
93%
Autobahn SCH
83%
Laboratoire Werenoi
76%
Urus Favé
75%
Binks to Binks 8 Ninho
67%
Gaza PNL
59%
Fetty Wap Maes
50%
Périph PLK
41%
Pistol & Zamal Ziak
39%
Jour de Plus Freeze Corleone
35%
Akrapo 7 UZI
31%
Les gentils bandits ZKR
23%
Iverson Kekra
22%
BOTTEGA Khali
20%
La Plus Grande Des Illusions 404Billy
19%
Différent Beendo Z
13%
Sport Billy Booba
13%
Zayz Ashe22
12%
Dans la fusée Kaaris
9%
Zenith Kalash Criminel
7%
Aucun quiz correspondant
Distribution des résultats
% des personnes avec chaque résultat
Percentile par nombre de réponses
Votre historique - résultats
Vous n’avez pas pris ce quiz